University Home | Library Home | Institutional Repository

Statistics in geography. (Record no. 168298)

MARC details
000 -LEADER
fixed length control field 00604cam1a220021700 4500
001 - CONTROL NUMBER
control field zam00002206
008 - FIXED-LENGTH DATA ELEMENTS--GENERAL INFORMATION
fixed length control field 951128s1977 xx eng u
035 ## - SYSTEM CONTROL NUMBER
System control number (Sirsi) r19585
035 ## - SYSTEM CONTROL NUMBER
System control number (MACHINE)SLC.
100 ## - MAIN ENTRY--PERSONAL NAME
Personal name Ebdon, D.
Linkage A80511.1
245 10 - TITLE STATEMENT
Title Statistics in geography.
260 ## - PUBLICATION, DISTRIBUTION, ETC.
Date of publication, distribution, etc. 1977.
591 ## -
-- Class code: G 230.
591 ## -
-- Course: Cartography and quantitative techniques..
591 ## -
-- School: S09.
591 ## -
-- Lecturer: Mr. MBINJI, M/BANDA, G.A.
591 ## -
-- Number of Students: 66.
949 ## - LOCAL PROCESSING INFORMATION (OCLC)
a QA276
w lcc
m MAIN
t BOOK
l ON-SHELF
909 ## -
-- Book

No items available.

© 2026 - The University of Zambia Library - Koha v25.11